000 00657nam a2200253Ia 4500
001 9248
005 20240113234156.0
007 ta
008 050723s1910 a g b000 u eng u
040 _aCotton College Assam
041 _aeng
082 _a891.551
_bR 865 M
100 _aRumi, Jalal-Ud-Din.
245 0 _aThe Masnavi Book II /
_cJalalu D-Din Rumi.
_hTextual Documents
250 _a1st ed /
260 _aLondon :
_bProbsthain & Co. ,
_c1910.
300 _a321p. :
_bill. ;
_c20cm. .
362 _aVol.1-
653 _aPersian Poetry
653 _aPoetry-Persian
942 _2ddc
_cBK
999 _c9235
_d9235